[Event "Revelion op"]
[Site "Romania"]
[Date "1999.??.??"]
[Round "?"]
[White "Calauz, Radu"]
[Black "Drinceanu, Nicu"]
[Result "1-0"]
[WhiteElo "1800"]
[BlackElo "1650"]
[PlyCount "114"]
[EventDate "1999.??.??"]
[EventType "swiss"]
[EventRounds "7"]
[EventCountry "ROU"]
[SourceTitle "EXT 2004"]
[Source "ChessBase"]
[SourceDate "2003.11.25"]
[SourceVersion "1"]
[SourceVersionDate "2003.11.25"]
[SourceQuality "1"]

1. d4 Nf6 2. Nf3 g6 3. g3 Bg7 4. Bg2 0-0 5. 0-0 d6 6. Re1 Nc6 7. e4 e5 8. c3 Re8 9. dxe5 dxe5 10. Qc2 Be6 11. Ng5 Qe7 12. Nxe6 Qxe6 13. f3 Rad8 14. Be3 Nd7 15. Nd2 Nb6 16. b3 Rd7 17. Bf1 Red8 18. Nc4 Bf8 19. a4 Qf6 20. Kg2 Nxc4 21. Bxc4 Bc5 22. Bc1 a5 23. Bd5 Ne7 24. Bc4 Nc8 25. Rb1 Nb6 26. Be2 Qe7 27. Rd1 Rxd1 28. Bxd1 Qd6 29. Be2 Nd7 30. Bg5 f6 31. Rd1 Qb6 32. Bc1 Be7 33. Bc4+ Kg7 34. Rd5 Nb8 35. Rb5 Qa7 36. Rd5 Rxd5 37. Bxd5 c6 38. Be6 Qc5 39. Qd3 Na6 40. Be3 Qd6 41. Qxd6 Bxd6 42. Bc8 Bc5 43. Bd2 Nb8 44. Bxb7 Bb6 45. b4 Kf7 46. c4 axb4 47. Bxb4 c5 48. Bc3 Ke7 49. f4 Nd7 50. a5 Ba7 51. Bc6 Nb8 52. Bb7 Nd7 53. Kf3 exf4 54. gxf4 Kd6 55. Bc8 Nb8 56. Bxf6 Nc6 57. Bc3 Nd4+ 1-0

[Event "Herculane op"]
[Site "Herculane"]
[Date "1998.??.??"]
[Round "?"]
[White "Calauz, Radu"]
[Black "Caravan, Mariana"]
[Result "1/2-1/2"]
[WhiteElo "2400"]
[BlackElo "2125"]
[PlyCount "100"]
[EventDate "1998.12.??"]
[EventType "swiss"]
[EventRounds "9"]
[EventCountry "ROU"]
[SourceTitle "EXT 2004"]
[Source "ChessBase"]
[SourceDate "2003.11.25"]
[SourceVersion "1"]
[SourceVersionDate "2003.11.25"]
[SourceQuality "1"]

1. d4 c5 2. d5 e5 3. e4 d6 4. f4 exf4 5. Bxf4 Be7 6. Nf3 Bg4 7. Nbd2 a6 8. Be2 Bh4+ 9. g3 Bxf3 10. Nxf3 Bf6 11. 0-0 Ne7 12. e5 dxe5 13. Bxe5 Nd7 14. Bxf6 Nxf6 15. c4 0-0 16. Bd3 Ng6 17. Bxg6 hxg6 18. Qd3 Qd6 19. Rae1 b5 20. b3 bxc4 21. bxc4 Rfe8 22. Ng5 Re5 23. Rxe5 Qxe5 24. Nf3 Qe4 25. Qxe4 Nxe4 26. Rb1 Nd6 27. Nd2 Kf8 28. Rb6 Ke7 29. Kf2 a5 30. Rc6 Rb8 31. Nb3 a4 32. Nxc5 Rb2+ 33. Kg1 Nxc4 34. Nxa4 Rb1+ 35. Kf2 Ne5 36. Rc2 Rb4 37. Nc3 Rc4 38. Ke3 Kd6 39. Ne4+ Kxd5 40. Rxc4 Nxc4+ 41. Kf4 f6 42. Nc3+ Kc5 43. h4 Ne5 44. g4 Kc4 45. Ne4 Nd3+ 46. Ke3 Ne5 47. Kf4 Nd3+ 48. Kg3 Kd5 49. Nc3+ Kc4 50. Ne4 Kd5 1/2-1/2

[Event "Herculane op"]
[Site "Herculane"]
[Date "1998.??.??"]
[Round "?"]
[White "Dragomir, Constantin"]
[Black "Calauz, Radu"]
[Result "0-1"]
[WhiteElo "2400"]
[BlackElo "2005"]
[PlyCount "113"]
[EventDate "1998.12.??"]
[EventType "swiss"]
[EventRounds "9"]
[EventCountry "ROU"]
[SourceTitle "EXT 2004"]
[Source "ChessBase"]
[SourceDate "2003.11.25"]
[SourceVersion "1"]
[SourceVersionDate "2003.11.25"]
[SourceQuality "1"]

1. e4 c6 2. Nc3 g6 3. g3 Bg7 4. Bg2 d6 5. d3 e5 6. Nge2 Ne7 7. 0-0 0-0 8. f4 f5 9. fxe5 dxe5 10. Be3 Be6 11. Qd2 fxe4 12. Rxf8+ Bxf8 13. Nxe4 Nf5 14. Bg5 Qb6+ 15. Kh1 Nd7 16. N2c3 Bg7 17. Rf1 Rf8 18. Qc1 h6 19. Bd2 Kh7 20. a3 Qd8 21. Be3 Nxe3 22. Rxf8 Qxf8 23. Qxe3 a6 24. Qa7 Qb8 25. Qxb8 Nxb8 26. Nd6 b5 27. Nce4 Bf8 28. c4 Kg7 29. b4 Bf5 30. cxb5 axb5 31. Nxf5+ gxf5 32. Nd2 c5 33. bxc5 Bxc5 34. Nb3 Bxa3 35. d4 Kf6 36. Bf1 b4 37. d5 Nd7 38. Bb5 Ke7 39. Nd2 Nb6 40. Nc4 Nxd5 41. Nxe5 b3 42. Bd3 Kf6 43. Nf3 Bc5 44. Nd2 b2 45. Nc4 Bd4 46. Kg2 Nb4 47. Bb1 Nd5 48. Kf3 Nc3 49. Bd3 b1Q 50. Bxb1 Nxb1 51. Ke2 Bg1 52. h3 Nc3+ 53. Kd3 Nb5 54. g4 f4 55. Ke4 Be3 56. h4 Kg6 57. g5 0-1

[Event "Herculane op"]
[Site "Herculane"]
[Date "1998.??.??"]
[Round "9"]
[White "Grunberg, Mihai Lucian"]
[Black "Calauz, Radu"]
[Result "1-0"]
[WhiteElo "2360"]
[BlackElo "2005"]
[PlyCount "86"]
[EventDate "1998.12.??"]
[EventType "swiss"]
[EventRounds "9"]
[EventCountry "ROU"]
[SourceTitle "EXT 2004"]
[Source "ChessBase"]
[SourceDate "2003.11.25"]
[SourceVersion "1"]
[SourceVersionDate "2003.11.25"]
[SourceQuality "1"]

1. Nf3 Nf6 2. c4 g6 3. Nc3 Bg7 4. e4 d6 5. d4 0-0 6. h3 e5 7. d5 Nh5 8. Nh2 Qe8 9. Be2 f5 10. exf5 Nf4 11. Bxf4 exf4 12. fxg6 Qxg6 13. Kf1 Kh8 14. Nf3 Na6 15. Bd3 Qh6 16. Rc1 Nc5 17. Bb1 a5 18. b3 Bd7 19. Ne4 Nxe4 20. Bxe4 b6 21. Qd3 Rae8 22. Kg1 Qh5 23. Kh2 Rf6 24. Rce1 Rh6 25. Nd2 Be5 26. Kg1 Rg8 27. Kf1 Qg5 28. Ke2 Qh5+ 29. Qf3 Qg5 30. Kd1 Bf6 31. Qd3 Qh4 32. Re2 a4 33. b4 Bg7 34. Rhe1 Qf6 35. Nb1 Qa1 36. Kc1 Be5 37. Rc2 f3 38. g3 Rxh3 39. Bxf3 Bf6 40. Bg2 Bg5+ 41. Re3 Bxe3+ 42. Qxe3 Rh5 43. Rb2 Re5 1-0